00297nam a2200109Ia 4500008004100000020001800041082001900059100001200078245006900090260001900159300000900178210430s9999 xx 000 0 und d a0-85404-885-5 a333.79 C6231 C aW.Hoyle aClean Technology for Manufacture of Speciality ChemicalcW.Hoyle aUKbRS.Cc2001 a103P